LEADER 01786nam 2200541Ia 450 001 9910452180303321 005 20200520144314.0 010 $a0-8166-5178-7 035 $a(CKB)1000000000472686 035 $a(EBL)310107 035 $a(OCoLC)476092610 035 $a(SSID)ssj0000144399 035 $a(PQKBManifestationID)11146559 035 $a(PQKBTitleCode)TC0000144399 035 $a(PQKBWorkID)10145239 035 $a(PQKB)11638823 035 $a(MiAaPQ)EBC310107 035 $a(Au-PeEL)EBL310107 035 $a(CaPaEBR)ebr10167158 035 $a(OCoLC)935263924 035 $a(EXLCZ)991000000000472686 100 $a19861028d1962 uy 0 101 0 $aeng 135 $aur|n|---||||| 181 $ctxt 182 $cc 183 $acr 200 10$aEdwin Arlington Robinson$b[electronic resource] 210 $aMinneapolis, MN $cUniversity of Minnesota Press$d1962 215 $a1 online resource (49 p.) 225 1 $aUniversity of Minnesota pamphlets on American writers ;$vno. 17 300 $aDescription based upon print version of record. 311 $a0-8166-0269-7 327 $aEdwin Arlington Robinson; Selected Bibliography 330 $aCritically examines the motifs, structure, and metaphysical content of the poems in which Robinson expressed his transcendental views of life. 410 0$aUniversity of Minnesota pamphlets on American writers ;$vno. 17. 606 $aPoets, American$vBiography 608 $aElectronic books. 615 0$aPoets, American 676 $a811.52 700 $aCoxe$b Louis Osborne$f1918-1993.$0885235 801 0$bMiAaPQ 801 1$bMiAaPQ 801 2$bMiAaPQ 906 $aBOOK 912 $a9910452180303321 996 $aEdwin Arlington Robinson$92231085 997 $aUNINA